000 00684nam a2200217Ia 4500
003 GCL
008 140319s9999 xx 000 0 ara d
040 _aGCL /
_cGCL
082 0 4 _a813.01
_bم ك
100 1 _aمحمد سلماوى
245 1 0 _aكونشرتو الناى: مجموعة قصص /
_cمحمد سلماوى
260 _a[S.N] :
_bالهيئة المصرية العامة للكتاب ،
_c1988
300 _a115 ص
490 _a
650 0 4 _aالادب العربى
650 0 4 _aالقصص العربية
650 0 4 _aمصر
650 0 4 _aالقصص العربية القصيرة
650 0 4 _aالقصص العربية المترجمة
942 _2ddc
_cBK
999 _c30496
_d30496